Влияние добавления фторопласта 4 (Ф4) на свойства сверхвысокомолекулярного полиэтилена; Современные техника и технологии; Т. 2

Détails bibliographiques
Parent link:Современные техника и технологии: сборник трудов XX международной научно-практической конференции студентов, аспирантов и молодых ученых, Томск, 14-18 апреля 2014 г./ Национальный исследовательский Томский политехнический университет (ТПУ).— , 2014
Т. 2.— 2014.— [С.69-70]
Auteur principal: Нгуен Суан Тьук
Collectivité auteur: Национальный исследовательский Томский политехнический университет (ТПУ) Институт физики высоких технологий (ИФВТ) Кафедра материаловедения в машиностроении (ММС)
Autres auteurs: Панин С. В. Сергей Викторович, Корниенко Л. А.
Résumé:Заглавие с титульного экрана
Langue:russe
Publié: 2014
Collection:Материаловедение
Sujets:
Accès en ligne:http://earchive.tpu.ru/handle/11683/20755
http://www.lib.tpu.ru/fulltext/c/2014/C01/V2/033.pdf
Format: Électronique Chapitre de livre
KOHA link:https://koha.lib.tpu.ru/cgi-bin/koha/opac-detail.pl?biblionumber=606785

MARC

LEADER 00000naa2a2200000 4500
001 606785
005 20260305141424.0
035 |a (RuTPU)RU\TPU\conf\4164 
035 |a RU\TPU\conf\4162 
090 |a 606785 
100 |a 20140617d2014 k y0rusy50 ca 
101 0 |a rus 
102 |a RU 
135 |a drcn ---uucaa 
181 0 |a i  
182 0 |a b 
200 1 |a Влияние добавления фторопласта 4 (Ф4) на свойства сверхвысокомолекулярного полиэтилена  |f Нгуен Суан Тьук, С. В. Панин, Л. А. Корниенко 
203 |a Текст  |c электронный 
225 1 |a Материаловедение 
300 |a Заглавие с титульного экрана 
320 |a [Библиогр.: с. 70 (6 назв.)] 
337 |a Adobe Reader 
461 1 |0 (RuTPU)RU\TPU\conf\3687  |t Современные техника и технологии  |o сборник трудов XX международной научно-практической конференции студентов, аспирантов и молодых ученых, Томск, 14-18 апреля 2014 г.  |o в 3 т.  |f Национальный исследовательский Томский политехнический университет (ТПУ)   |d 2014 
463 1 |0 (RuTPU)RU\TPU\conf\3689  |t Т. 2  |v [С.69-70]  |d 2014 
610 1 |a труды учёных ТПУ 
610 1 |a электронный ресурс 
610 1 |a фторопласты 
610 1 |a сверхвысокомолекулярные полиэтилены 
610 1 |a СВМПЭ 
610 1 |a композиционные материалы 
610 1 |a триботехнические свойства 
700 0 |a Нгуен Суан Тьук 
701 1 |a Панин  |b С. В.  |c специалист в области материаловедения  |c профессор Томского политехнического университета, доктор технических наук  |f 1971-  |g Сергей Викторович  |3 (RuTPU)RU\TPU\pers\26548  |9 12237 
701 1 |a Корниенко  |b Л. А. 
712 0 2 |a Национальный исследовательский Томский политехнический университет (ТПУ)  |b Институт физики высоких технологий (ИФВТ)  |b Кафедра материаловедения в машиностроении (ММС)  |3 (RuTPU)RU\TPU\col\18688 
801 2 |a RU  |b 63413507  |c 20210310  |g RCR 
856 4 |u http://earchive.tpu.ru/handle/11683/20755 
856 4 |u http://www.lib.tpu.ru/fulltext/c/2014/C01/V2/033.pdf 
942 |c CF